How to teach vocabulary
Gorde:
| Egile nagusia: | |
|---|---|
| Formatua: | Liburua |
| Hizkuntza: | ingelesa |
| Argitaratua: |
Essex
Pearson Education
2002
|
| Edizioa: | 1a. ed |
| Gaiak: | |
| Etiketak: |
Etiketa erantsi
Etiketarik gabe, Izan zaitez lehena erregistro honi etiketa jartzen!
|
MARC
| LEADER | 00000nam a2200000 a 4500 | ||
|---|---|---|---|
| 001 | UCK0215 | ||
| 003 | CL-VaPUC | ||
| 008 | 040924e20020000UK |||||||||||||||||eng|d | ||
| 020 | |a 0582429668 | ||
| 082 | 0 | 4 | |a 425 |b THO |2 21 |
| 100 | 0 | |a Thornbury, Scott |e author |9 488117 | |
| 245 | 1 | 0 | |a How to teach vocabulary |
| 250 | |a 1a. ed | ||
| 300 | |a 185 p | ||
| 942 | |c BK | ||
| 945 | |d 20040924 00:00:00 |a vberengu | ||
| 260 | |a Essex |b Pearson Education |c 2002 | ||
| 500 | |a How to teach vocabulary is for teachers at the beginning of their careers and for more experienced teachers. It is for those wanting to develop their skills and to find out more about recent developments, such as language corpora and lexical approaches to teaching | ||
| 650 | 0 | |a Gramática |9 270497 | |
| 650 | 0 | |a Métodos de enseñanza |9 270413 | |
| 650 | 0 | |a Educación lingüística |9 306506 | |
| 583 | |a last modification |c 20170828 09:57:23 |k Rodrigo Vera | ||
| 999 | |c 310704 |d 310702 | ||
| 952 | |0 0 |1 0 |4 0 |6 425_000000000000000_THO_2002 |7 0 |8 A |9 379605 |a BIBEDU |b BIBEDU |d 2019-11-21 |i 4061330 |o 425 THO 2002 |p 4061330 |r 2019-11-21 |w 2019-11-21 |y BK |k LIT | ||
| 952 | |0 0 |1 0 |4 0 |6 425_000000000000000_THO_2002 |7 0 |8 A |9 379606 |a BIBEDU |b BIBEDU |d 2019-11-21 |i 4346343 |l 1 |o 425 THO 2002 |p 4346343 |r 2022-10-18 |s 2022-10-18 |w 2019-11-21 |y BK |k LIT | ||
| 952 | |0 0 |1 0 |4 0 |6 425_000000000000000_THO_2002 |7 0 |8 A |9 379607 |a BIBEDU |b BIBEDU |d 2019-11-21 |i 4346335 |o 425 THO 2002 |p 4346335 |r 2019-11-21 |w 2019-11-21 |y BK |k LIT | ||